000 00777cab a2200253 4500
001 WB3045-67
008 090401t1994 xxu||||| |||| 00| 0 eng d
035 _a(Sirsi) u16693
041 _aeng
245 _aOS licences to be reviewed
260 _c1994
350 _a0
490 _aNegotiator
_v9(24) 1 December 1994, 1(1)
520 _aIllegal copying of street maps by estate agents could result in severe penalties. A fundamental review of OS copyright licences is underway.
650 _aCOPYRIGHT LICENCES
650 _aCOPYRIGHT
650 _aESTATE AGENTS
650 _aORDNANCE SURVEY
650 _aOS MAPS
690 _aMAPPING AND MEASUREMENT
690 _aMANAGEMENT-BUSINESS MANAGEMENT-PROFESSIONAL PRACTICE
942 _n0
948 _c04/03/1997
999 _c11026
_d11026